Normal view
MARC view
- Bailey, Kenneth D.
Entry Personal Name
001 - CONTROL NUMBER
- control field: 1471
003 - CONTROL NUMBER IDENTIFIER
- control field: NUST
005 - DATE AND TIME OF LATEST TRANSACTION
- control field: 20170526162900.0
008 - FIXED-LENGTH DATA ELEMENTS
- fixed length control field: 170526|| aca||aabn | a|a d
040 ## - CATALOGING SOURCE
- Original cataloging agency: NUST
- Transcribing agency: NUST
100 ## - HEADING--PERSONAL NAME
- Personal name: Bailey, Kenneth D.
670 ## - SOURCE DATA FOUND
- Source citation: Work cat.: (NUST)23582: Bailey, Kenneth D., Methods of social research, c2008
